Normal view
MARC view
Entry Uniform Title
001 - CONTROL NUMBER
- control field: 33752
003 - CONTROL NUMBER IDENTIFIER
- control field: dpl
005 - DATE AND TIME OF LATEST TRANSACTION
- control field: 20110826112809.0
008 - FIXED-LENGTH DATA ELEMENTS
- fixed length control field: 110826|||a|||||| | ||| d
040 ## - CATALOGING SOURCE
- Original cataloging agency: dpl
- Transcribing agency: dpl
130 ## - HEADING--UNIFORM TITLE
- Uniform title: South Asian history and culture ; edited by David Washbrook ...[et al]
670 ## - SOURCE DATA FOUND
- Source citation: Work cat.: (dpl)53737: 29416 Bandyopadhyay, Kaushik, Scoring off the field : , 2011
670 ## - SOURCE DATA FOUND
- Source citation: Work cat.: (dpl)53737: 29416 Bandyopadhyay, Kaushik, Scoring off the field : , 2011
